<?xml version="1.0" encoding="UTF-8"?>
<record
    xmlns:xsi="http://www.w3.org/2001/XMLSchema-instance"
    xsi:schemaLocation="http://www.loc.gov/MARC21/slim http://www.loc.gov/standards/marcxml/schema/MARC21slim.xsd"
    xmlns="http://www.loc.gov/MARC21/slim">

  <leader>01943nam a22001577a 4500</leader>
  <datafield tag="020" ind1=" " ind2=" ">
    <subfield code="a"> 9783525568743</subfield>
  </datafield>
  <datafield tag="041" ind1=" " ind2=" ">
    <subfield code="a">ENG</subfield>
  </datafield>
  <datafield tag="082" ind1=" " ind2=" ">
    <subfield code="a">261.83</subfield>
    <subfield code="b">TRY</subfield>
  </datafield>
  <datafield tag="100" ind1=" " ind2=" ">
    <subfield code="a">Trygve Wyller</subfield>
  </datafield>
  <datafield tag="245" ind1=" " ind2=" ">
    <subfield code="a">Redeeming the sense of universalities : Scandinavian creation theology on politics and creation Vandenhoeck &amp; Ruprecht, G&#xF6;ttingen, 2025</subfield>
  </datafield>
  <datafield tag="260" ind1=" " ind2=" ">
    <subfield code="a"> Vandenhoeck &amp; Ruprecht, </subfield>
    <subfield code="b">G&#xF6;ttingen,</subfield>
    <subfield code="c"> 2025</subfield>
  </datafield>
  <datafield tag="300" ind1=" " ind2=" ">
    <subfield code="a">342</subfield>
    <subfield code="b">24 cm</subfield>
  </datafield>
  <datafield tag="520" ind1=" " ind2=" ">
    <subfield code="a">"Christian theologies today struggle to make themselves relevant and respected in public discussions. One reason is a tendency among theologians to restrict themselves to discussions among their own. In this way they seldom contribute to discussions and make claims that are heard as important for people not belonging to the world of faith and piety. This volume has a different goal. The intention is to bring updated and critical contributions to how theology can give substantial reflections relevant to a broader public. The volume takes its starting point from ongoing international discussions on the universal. From post-colonial and post-liberal positions one claim that universal claims are oppressive. There is a long history of how universal pretentions covered for white, male and European supremacy. For this reason one argues that only positionalities from particular position are able to give hope and future to oppressed people and environmental collapses. The contributions to this volume agree that there are toxic universalities that need to be strongly criticized. There are, however, also universalities that can defend the human and the nature. Scandinavian Creation Theology builds these universalities from life as given and pre-theoretical experiences. Here, there are potentialities for future non-toxic universalities." -- Provided by publisher</subfield>
  </datafield>
  <datafield tag="650" ind1=" " ind2=" ">
    <subfield code="a"> Creation</subfield>
    <subfield code="a">Ecotheology Scandinavia</subfield>
    <subfield code="a">&#xC9;cologie humaine Aspect religieux Christianisme</subfield>
    <subfield code="a">&#xC9;coth&#xE9;ologie Scandinavie</subfield>
  </datafield>
  <datafield tag="942" ind1=" " ind2=" ">
    <subfield code="c">BK</subfield>
  </datafield>
  <datafield tag="952" ind1=" " ind2=" ">
    <subfield code="0">0</subfield>
    <subfield code="1">0</subfield>
    <subfield code="4">0</subfield>
    <subfield code="7">0</subfield>
    <subfield code="a">HMI</subfield>
    <subfield code="b">HMI</subfield>
    <subfield code="c">GEN</subfield>
    <subfield code="d">2025-01-21</subfield>
    <subfield code="e">Director</subfield>
    <subfield code="l">0</subfield>
    <subfield code="o">261.83 TRY</subfield>
    <subfield code="p">11004867</subfield>
    <subfield code="r">2026-01-16</subfield>
    <subfield code="w">2026-01-16</subfield>
    <subfield code="y">BK</subfield>
  </datafield>
  <datafield tag="999" ind1=" " ind2=" ">
    <subfield code="c">23522</subfield>
    <subfield code="d">23522</subfield>
  </datafield>
</record>
